UM Logo

Water analysis of shallow welln in Aplaya, Digos City/ (Record no. 13201)

MARC details
000 -LEADER
fixed length control field 00695nam a22002057a 4500
003 - CONTROL NUMBER IDENTIFIER
control field OSt
005 - DATE AND TIME OF LATEST TRANSACTION
control field 20190212132536.0
008 - FIXED-LENGTH DATA ELEMENTS--GENERAL INFORMATION
fixed length control field 190212b ||||| |||| 00| 0 eng d
040 ## - CATALOGING SOURCE
Transcribing agency UM Digos College.
082 ## - DEWEY DECIMAL CLASSIFICATION NUMBER
Edition number 2018
Classification number 1207
Item number I24
100 ## - MAIN ENTRY--PERSONAL NAME
Relator code Ignacio, Vincent D.
245 ## - TITLE STATEMENT
Title Water analysis of shallow welln in Aplaya, Digos City/
Statement of responsibility, etc. Vincent I. Ignacio, Alberto Sarte Jr. and Irish E. Cuarez.
260 ## - PUBLICATION, DISTRIBUTION, ETC. (IMPRINT)
Place of publication, distribution, etc. Digos City:
Name of publisher, distributor, etc. UMDC
Date of publication, distribution, etc. November 2018.
300 ## - PHYSICAL DESCRIPTION
Extent 51 pages.
Dimensions 30 cm.
650 ## - SUBJECT ADDED ENTRY--TOPICAL TERM
Topical term or geographic name as entry element Education
Form subdivision Biological Science
General subdivision Undergraduate thesis.
9 (RLIN) 36913
700 ## - ADDED ENTRY--PERSONAL NAME
Personal name Ignacio, Vincent I.
9 (RLIN) 36914
700 ## - ADDED ENTRY--PERSONAL NAME
Personal name Sarte, Alberto Jr.
9 (RLIN) 36915
700 ## - ADDED ENTRY--PERSONAL NAME
Personal name Cuarez, Irish E.
9 (RLIN) 36916
942 ## - ADDED ENTRY ELEMENTS (KOHA)
Source of classification or shelving scheme Dewey Decimal Classification
Koha item type Undergraduate Thesis
Holdings
Withdrawn status Lost status Source of classification or shelving scheme Damaged status Not for loan Collection code Home library Current library Date acquired Total Checkouts Full call number Barcode Date last seen Price effective from Koha item type
    Dewey Decimal Classification     Undergraduate Theses UM Digos College - LIC UM Digos College - LIC 01/15/2019   UT 1207 I24 2018 UT1207 02/12/2019 12/19/2019 Undergraduate Thesis